Statistics for Every Champions League Quarter Finalist

Click here to take the quiz!

General Stats

  • This quiz has been taken 33 times
  • The average score is 26 of 51

Answer Stats

OccasionsCountryLast AppearanceAnswer% Correct
17GER2018Bayern Munich
96%
16ESP2018Real Madrid
92%
16ESP2018Barcelona
92%
6GER2017Borussia Dortmund
88%
7ITA2012AC Milan
85%
6ENG2018Liverpool
85%
9ENG2014Chelsea
81%
6ITA2011Inter Milan
81%
11ITA2018Juventus
81%
6POR2015Porto
81%
5FRA2016PSG
81%
4NED2003Ajax
81%
4POR2016Benfica
81%
1FRA2012Marseille
77%
5ESP2017Atletico Madrid
77%
4ESP2007Valencia
77%
4FRA2010Lyon
77%
2ENG2018Manchester City
77%
6ENG2010Arsenal
73%
4 FRA2017Monaco
73%
1ESP2018Seville
69%
1GRE1999Olympiacos
65%
3ITA2018Roma
62%
1ENG2011Tottenham
62%
2NED2007PSV
62%
2TUR2013Galatasaray
54%
2ESP2009Villarreal
54%
1ITA2000Lazio
54%
2UKR1999Dynamo Kiev
42%
3ESP2004Deportivo La Coruna
38%
2GER2003Bayer Leverkusen
35%
1FRA2010Bordeaux
31%
1ENG2017Leicester City
27%
1FRA1996Nantes
27%
1RUS2010CSKA Moscow
27%
1NOR1997Rosenberg
23%
1UKR2011Shakhtar Donetsk
23%
1ESP2013Malaga
19%
14ENG2014Man Utd
19%
1CYP2011APOEL Nicosia
19%
1ENG2001Leeds United
19%
1FRA1997Auxerre
19%
1 POL1996Legia Warsaw
15%
1SWE1995Gothenburg
12%
1RUS1996Spartak Moscow
12%
1GER2013Wolfsburg
12%
1GER1999Kaiserslautern
8%
1TUR2008Fenerbache
4%
2GER2011 FC Schalke
4%
1CRO1995Hadjuk Split
0%
2GRE2002Panathanikos
0%

Score Distribution

Percentile by Number Answered

Percent of People with Each Score

Your Score History

You have not taken this quiz